000 00684nam a22002417a 4500
001 84847
003 UA-OsUOA
005 20210621230750.0
007 ta
008 20120611b un ||||| |||| 00| 0 ukr d
040 _aUA-OsUOA
_bukr
_cUA-OsUOA
_dUA-OsUOA
041 _aukr
080 _a821.161.2
090 _a821.161.2
_bМ82
100 _aМосендз Л.
245 _aЛюдина покірна: Homo Lenis
_bоповіді
260 _aВінніпег
_c1951
300 _a142 с.
650 7 _a82 Література. Літературознавство
_2UDC
942 _cBK
_2udc
955 _a3
999 _c371194
_d371194